Vitamines - Statistiques

Statistiques générales
  • Ce quiz a été pris 29 fois
    9 depuis la dernière actualisation
  • Le résultat moyen est 6 sur 12
Statistiques - réponses
Vitamine % Correct
Retinol 20 carbones, beta carotene 40 carbones A
100%
Thiamine contient B1
89%
Rayons du soleil et 7-dehydrocholesterol D
89%
Phylloquinone K
67%
alpha-tocopherol E
56%
FAD contient B2
44%
Autre nom de l’acide pantothénique B5
44%
Cholecalciferol D3
44%
Ergocalciferol D2
33%
NAD+ B3
22%
coA contient acide pantothénique
11%
Moyen Mmemothechnique pour vitamine liposolubles DAKE
11%
Aucun quiz correspondant
Distribution des résultats
% des personnes avec chaque résultat
Percentile par nombre de réponses
Votre historique - résultats
Vous n’avez pas pris ce quiz depuis la dernière actualisation